000 00576nam a2200181Ia 4500
999 _c2935
_d2935
003 OSt
005 20200813121240.0
008 190216s9999||||xx |||||||||||||| ||und||
020 _a0070996539
040 _coclc
082 _a547.30858
_bWIL/S
100 _aWilliams, Dudley H
_94102
245 0 _aSpectroscopic Methods In Organic Chemistry /
_cDudley H Williams ; Ian Fleming
250 _a4th Ed.
260 _bTata Mcgraw Hill Publishing Company Ltd,
_c1988.
_aNew Delhi:
300 _a246p
942 _cBK
_2ddc
_h547.30858
_iWIL/S
_k547.30858
_mWIL/S